[Event "Romulus (RVO/4/13)"]
[Site "?"]
[Date "1994.??.??"]
[Round "?"]
[White "Randel, D."]
[Black "Morris, Jewell"]
[Result "1-0"]
[WhiteElo "1745"]
[BlackElo "1905"]
[PlyCount "83"]
[EventDate "1994.??.??"]

{4/(13)} 1. d4 d5 2. c4 c6 3. e3 Nf6 4. Nc3 e6 5. Nf3 Be7 6. Qc2 Nbd7 7. b3 O-O
8. Bb2 Bb4 9. a3 Bxc3+ 10. Bxc3 Ne4 11. Bd3 f5 12. O-O a5 13. Nd2 Qg5 14. Rae1
Rf6 15. f3 Nxc3 16. Qxc3 Rg6 17. Rf2 Nf6 18. Nf1 h5 19. Qd2 Rh6 20. e4 f4 21.
exd5 exd5 22. g3 Rg6 23. Bxg6 Qxg6 24. Qxf4 Qf7 25. cxd5 Qxd5 26. Re7 b5 27.
Qe5 Bh3 28. Qxd5+ Nxd5 29. Re5 Rd8 30. Rxh5 Bxf1 31. Kxf1 Ne3+ 32. Ke1 Rxd4 33.
Rd2 g6 34. Rc5 Nf5 35. Rxc6 Rxd2 36. Kxd2 Nd4 37. Rxg6+ Kf7 38. Ra6 Nxb3+ 39.
Kc3 a4 40. f4 Nc5 41. Rc6 Ne4+ 42. Kb4 1-0

[Event "Detroit (MI Op/3/42)"]
[Site "?"]
[Date "1994.??.??"]
[Round "?"]
[White "Randel, D."]
[Black "Lewis, Derrick"]
[Result "0-1"]
[WhiteElo "1730"]
[BlackElo "1895"]
[PlyCount "99"]
[EventDate "1994.??.??"]

{3/(42)} 1. d4 Nf6 2. c4 e6 3. Nc3 Bb4 4. Qc2 d5 5. cxd5 exd5 6. Bg5 c6 7. e3
h6 8. Bh4 O-O 9. Bd3 Nbd7 10. Nf3 Qc7 11. O-O Bd6 12. Bg3 Bxg3 13. hxg3 Qd6 14.
a3 Re8 15. b4 Nf8 16. b5 Ne6 17. bxc6 bxc6 18. Na4 Ng5 19. Ne5 Nge4 20. Qxc6
Qxc6 21. Nxc6 Bd7 22. Rfc1 Rac8 23. Bb5 a6 24. Nb6 axb5 25. Nxc8 Bxc8 26. Ne7+
Rxe7 27. Rxc8+ Kh7 28. Rb8 Nc3 29. Rc8 Nfe4 30. Kf1 Ra7 31. Ke1 b4 32. a4 Nd6
33. Rb8 Rb7 34. Rxb7 Nxb7 35. Kd2 Na5 36. Kc2 Kg6 37. f3 f5 38. Kd3 Kg5 39. g4
g6 40. g3 Kf6 41. Kc2 fxg4 42. Rf1 Kg5 43. Kd3 gxf3 44. Rxf3 Ne4 45. Kc2 b3+
46. Kb2 Nd2 47. Rf2 Nac4+ 48. Kc3 b2 49. Rf1 b1=Q 50. Rxb1 0-1

[Event "Detroit (Class B/4/10)"]
[Site "?"]
[Date "1994.??.??"]
[Round "?"]
[White "Randel, D."]
[Black "Jones, M."]
[Result "1-0"]
[WhiteElo "1660"]
[BlackElo "1785"]
[PlyCount "113"]
[EventDate "1994.??.??"]

{4/(10)} 1. c4 c5 2. Nf3 Nc6 3. d4 cxd4 4. Nxd4 Nxd4 5. Qxd4 f6 6. e4 e5 7. Qd1
Bc5 8. Be2 Ne7 9. Nc3 O-O 10. O-O d6 11. b3 Bd4 12. Bd2 f5 13. Qc2 fxe4 14.
Qxe4 Rb8 15. Rac1 Bf5 16. Qh4 Qd7 17. Kh1 Ng6 18. Qg3 e4 19. f4 exf3 20. Qxf3
Be6 21. Qe4 Bb6 22. Nd5 Bf5 23. Nxb6 axb6 24. Qd4 Qc6 25. Bf3 Qc5 26. Qd5+ Kh8
27. Rce1 Ne5 28. Be3 Qa5 29. Qxa5 bxa5 30. Bd4 Nxf3 31. Rxf3 Kg8 32. Re7 Rf7
33. Rxf7 Kxf7 34. Rxf5+ Ke6 35. Rxa5 Rf8 36. Kg1 Rf7 37. Rh5 g6 38. Rh3 Kd7 39.
Rf3 Re7 40. Kf2 Kc6 41. b4 Re4 42. Rd3 b5 43. Kf3 Rh4 44. cxb5+ Kxb5 45. Bc3
Kc4 46. Rd4+ Rxd4 47. Bxd4 Kxd4 48. b5 Kc5 49. a4 d5 50. Ke3 g5 51. g4 h6 52.
h3 Kc4 53. b6 Kc3 54. b7 d4+ 55. Ke4 d3 56. b8=Q d2 57. Qb1 1-0

[Event "Detroit (Class B/2/12)"]
[Site "?"]
[Date "1994.??.??"]
[Round "?"]
[White "Randel, D."]
[Black "Gregory, Kevin"]
[Result "1-0"]
[WhiteElo "1660"]
[BlackElo "1750"]
[PlyCount "141"]
[EventDate "1994.??.??"]

{2/(12)} 1. c4 e6 2. g3 d5 3. Bg2 c6 4. Qc2 f5 5. Nf3 Nf6 6. O-O Bd6 7. d4 O-O
8. b3 Ne4 9. Bb2 Nd7 10. Nbd2 Ndf6 11. Ne5 Bd7 12. Ndf3 Qe7 13. Rad1 Nh5 14.
Nd2 Rad8 15. f3 Ng5 16. e4 fxe4 17. fxe4 Bxe5 18. dxe5 Qc5+ 19. Kh1 Rf2 20.
Rxf2 Qxf2 21. Rf1 Qe2 22. exd5 exd5 23. Qd1 Qxd1 24. Rxd1 Be6 25. Nf1 Nf7 26.
cxd5 cxd5 27. Ne3 Rc8 28. Rd2 Re8 29. Nxd5 Bxd5 30. Bxd5 b6 31. Kg2 g6 32. Rf2
Re7 33. Ba3 Rc7 34. Bd6 Rd7 35. Be6 Rb7 36. Bxf7+ Rxf7 37. Rxf7 Kxf7 38. Kf3
Ng7 39. Ke4 Ke6 40. Bb8 a6 41. Bc7 b5 42. Kd4 Kd7 43. Bd6 Kc6 44. a3 Nf5+ 45.
Ke4 Nxd6+ 46. exd6 Kxd6 47. Kd4 h6 48. b4 g5 49. g4 Ke6 50. Ke4 Kd6 51. Kf5 Kd5
52. Kg6 Kc4 53. Kxh6 Kb3 54. Kxg5 Kxa3 55. Kf4 Kxb4 56. g5 a5 57. g6 Ka3 58. g7
b4 59. g8=Q a4 60. Qf8 Kb3 61. Qf7+ Kb2 62. Qf6+ Ka2 63. Qd4 Ka3 64. Qd3+ Ka2
65. Qc4+ Ka3 66. Ke3 b3 67. Kd2 b2 68. Qc3+ Ka2 69. Qc4+ Ka3 70. Qxa4+ Kxa4 71.
Kc2 1-0

[Event "Romulus (RVO/2/13)"]
[Site "?"]
[Date "1994.??.??"]
[Round "?"]
[White "Randel, D."]
[Black "Brattin, Vincent"]
[Result "1/2-1/2"]
[WhiteElo "1745"]
[BlackElo "1945"]
[PlyCount "65"]
[EventDate "1994.??.??"]

{2/(13)} 1. d4 d5 2. c4 c6 3. e3 Nf6 4. Nc3 e6 5. Nf3 Be7 6. Qc2 O-O 7. Bd3
dxc4 8. Bxc4 b6 9. O-O a5 10. b3 Nd5 11. a3 Ba6 12. e4 Nc7 13. Bb2 Qc8 14. Rad1
Rd8 15. Ne2 Nb5 16. Ra1 Nd6 17. Bxa6 Qxa6 18. Nc3 Nb5 19. Nxb5 Qxb5 20. Qc4 Qh5
21. Rad1 Bf6 22. Bc1 b5 23. Qc2 Ra6 24. Rd3 Nd7 25. Be3 b4 26. a4 Rc8 27. Rc1
Be7 28. Rd2 Raa8 29. Qd3 f5 30. exf5 Qxf5 31. Qxf5 exf5 32. Rdc2 Ra6 33. Ne1
1/2-1/2

[Event "Detroit (MI Op/1b/10)"]
[Site "?"]
[Date "1994.??.??"]
[Round "?"]
[White "Randel, D."]
[Black "Ball, Ed"]
[Result "0-1"]
[WhiteElo "1730"]
[BlackElo "1955"]
[PlyCount "100"]
[EventDate "1994.??.??"]

1. d4 Nf6 2. c4 c5 3. d5 b5 4. cxb5 a6 5. f3 d6 6. e4 g6 7. Na3 Bg7 8. Bd3 O-O
9. Ne2 e6 10. Nc3 exd5 11. exd5 Re8+ 12. Be2 axb5 13. Naxb5 Ba6 14. O-O Qb6 15.
Bc4 Nbd7 16. Bf4 Ne5 17. Bxe5 Rxe5 18. a4 Rae8 19. Qd2 Bb7 20. Rad1 R8e7 21. b3
Ne8 22. Ne4 Ba6 23. Rfe1 Bxb5 24. axb5 Nc7 25. Nc3 Bh6 26. Rxe5 Bxd2 27. Na4
Qa5 28. Rxe7 Kf8 29. Rxc7 Be3+ 30. Kf1 Qxc7 31. Nc3 Qa5 32. Ne2 Ke7 33. Re1 Kd8
34. Rd1 Kc7 35. Re1 Qa2 36. Rd1 f5 37. g3 g5 38. Re1 h5 39. Rd1 Qb2 40. Re1 f4
41. Kg2 fxg3 42. hxg3 g4 43. Rf1 Qc2 44. fxg4 Qe4+ 45. Kh2 Qxg4 46. Rf7+ Kb8
47. Rf8+ Kc7 48. Rf7+ Kb6 49. Rf6 h4 50. gxh4 Qxh4+ 0-1

[Event "Detroit (MCO/A/6/10)"]
[Site "?"]
[Date "1994.??.??"]
[Round "?"]
[White "Ramas, C."]
[Black "Mankiewicz, Ryan"]
[Result "1/2-1/2"]
[WhiteElo "1950"]
[BlackElo "1835"]
[PlyCount "100"]
[EventDate "1994.??.??"]

{6/(10)} 1. d4 d5 2. Nf3 Nf6 3. e3 g6 4. c4 c6 5. Nc3 Bg7 6. cxd5 cxd5 7. Bd3
O-O 8. O-O Bg4 9. h3 Bxf3 10. Qxf3 Nc6 11. Qe2 Rc8 12. Rd1 Qd7 13. Bd2 Rfd8 14.
Bb5 a6 15. Bxc6 Rxc6 16. Rac1 Rdc8 17. a3 e6 18. Na2 Ne4 19. Bc3 Bf8 20. Qe1
Qc7 21. Ba5 Qd7 22. Rxc6 Rxc6 23. f3 Nd6 24. Rc1 Nc4 25. Bc3 Bh6 26. f4 Bf8 27.
Qe2 Qc7 28. Bb4 a5 29. Bxf8 Kxf8 30. Rc3 Nd6 31. Rxc6 Qxc6 32. Nc3 Nc4 33. a4
Nd6 34. Kf2 Ke7 35. g4 Qb6 36. Qc2 Qb4 37. b3 Kd7 38. Ke2 Qb6 39. Na2 Qd8 40.
g5 h6 41. h4 hxg5 42. hxg5 Qh8 43. Kd3 Qh1 44. Nc3 Nf5 45. Qd1 Qh3 46. Qe2 Ne7
47. Kd2 Nc6 48. Qb5 Qg2+ 49. Qe2 Qxe2+ 50. Nxe2 Na7 1/2-1/2

[Event "Detroit (MCO/A/3b/1)"]
[Site "?"]
[Date "1994.??.??"]
[Round "?"]
[White "Ramas, C."]
[Black "Lou, M."]
[Result "0-1"]
[WhiteElo "1950"]
[BlackElo "1990"]
[PlyCount "69"]
[EventDate "1994.??.??"]

1. d4 d5 2. Nf3 Nf6 3. e3 Bg4 4. c4 dxc4 5. Bxc4 e6 6. Nc3 Nbd7 7. O-O Bd6 8.
h3 Bh5 9. e4 e5 10. d5 O-O 11. Bg5 a6 12. a4 Re8 13. Re1 h6 14. Bh4 Qe7 15. g4
Bg6 16. Bd3 Bc5 17. Kh2 Rad8 18. Qc2 Qd6 19. Rad1 Bh7 20. g5 hxg5 21. Bxg5 Qb6
22. Be3 Bxe3 23. Rxe3 Nh5 24. Ne2 Nc5 25. Rb1 Rxd5 26. Rf1 Rxd3 27. Rxd3 Bxe4
28. Ne1 Nxd3 29. Nc3 Bg6 30. Nxd3 Nf4 31. Rd1 Bxd3 32. Rxd3 Nxd3 33. Qxd3 Qxf2+
34. Kh1 e4 35. Nxe4 0-1

[Event "Detroit (MCO/A/1b/4)"]
[Site "?"]
[Date "1994.??.??"]
[Round "?"]
[White "Ramas, C."]
[Black "Harma, K."]
[Result "1-0"]
[WhiteElo "1950"]
[BlackElo "1845"]
[PlyCount "103"]
[EventDate "1994.??.??"]

1. d4 Nf6 2. Nf3 d5 3. c4 Bf5 4. Nc3 e6 5. e3 Be7 6. Qb3 b6 7. Ne5 O-O 8. cxd5
exd5 9. Be2 c5 10. dxc5 bxc5 11. Qb7 Nbd7 12. Nc6 Qe8 13. Nb5 Bd8 14. O-O Ne5
15. Qxa8 Nxc6 16. Qb7 Bc8 17. Qxc8 Ne4 18. f3 Ng5 19. Nd6 Ne7 20. Qxc5 Qa4 21.
Qd4 Qc6 22. Nb5 Bb6 23. Qe5 Ne6 24. Qd6 Qb7 25. Qe5 Ng6 26. Qg3 Ngf4 27. Qe1
Nxe2+ 28. Qxe2 Nf4 29. Qd1 Ng6 30. Nd4 Qe7 31. Re1 Re8 32. Bd2 Nh4 33. Kh1 Qg5
34. g3 Ng6 35. f4 Qh6 36. Qf3 Qh3 37. g4 Qh4 38. g5 Ne7 39. Re2 f5 40. Be1 Qg4
41. Qxg4 fxg4 42. Bc3 Nc8 43. Nf5 g6 44. Nh6+ Kf8 45. Be5 Ne7 46. Nxg4 Nf5 47.
Rd1 d4 48. exd4 Bxd4 49. Red2 Bb6 50. Rd7 h5 51. gxh6 Nxh6 52. Nxh6 1-0

[Event "Detroit (MCO/A/7/8)"]
[Site "?"]
[Date "1994.??.??"]
[Round "?"]
[White "Ramas, C."]
[Black "Bluestone, M."]
[Result "1-0"]
[WhiteElo "1950"]
[BlackElo "1775"]
[PlyCount "60"]
[EventDate "1994.??.??"]

{7/(8)} 1. d4 Nf6 2. Nf3 e6 3. c4 b6 4. g3 Bb7 5. Bg2 Be7 6. O-O O-O 7. Nc3 d6
8. Qc2 Nbd7 9. Rd1 c5 10. b3 Qc7 11. Bb2 Rad8 12. Rac1 Qb8 13. Rd2 Qa8 14. Rcd1
Ne4 15. Nxe4 Bxe4 16. Qc1 Rc8 17. dxc5 Nxc5 18. Qa1 f6 19. Ne1 Rf7 20. Bh3 f5
21. f3 Bc6 22. Bd4 Qb7 23. Qc3 Nd7 24. Qe3 e5 25. Bb2 Rcf8 26. Ba3 Nc5 27. b4
Ba4 28. bxc5 Bxd1 29. cxd6 Bg5 30. Qxg5 Ba4 1-0

[Event "Detroit (MI Op/1b/5)"]
[Site "?"]
[Date "1994.??.??"]
[Round "?"]
[White "Rajlich, Vasik"]
[Black "Walker, Douglas"]
[Result "1-0"]
[WhiteElo "2100"]
[BlackElo "1875"]
[PlyCount "61"]
[EventDate "1994.??.??"]

1. e4 e5 2. Nf3 Nc6 3. d4 exd4 4. c3 dxc3 5. Bc4 Nf6 6. e5 c2 7. Qxc2 Bb4+ 8.
Bd2 Bxd2+ 9. Nbxd2 Qe7 10. O-O Nh5 11. Rfe1 O-O 12. Rad1 d6 13. exd6 Qxd6 14.
Ng5 Qg6 15. Qxg6 hxg6 16. Nxf7 Bf5 17. g4 Bxg4 18. Nh6+ Kh7 19. Nxg4 Nd4 20.
Kh1 c5 21. Ne4 Nf3 22. Re3 Kh8 23. Rxf3 Rxf3 24. Ne5 Rf5 25. Ng5 Rf6 26. Rd3
Nf4 27. Rf3 b5 28. Bf7 Rf8 29. Rxf4 R8xf7 30. Nexf7+ Kg8 31. Re4 1-0

[Event "Detroit (MCO/Ch/5/5)"]
[Site "?"]
[Date "1994.??.??"]
[Round "?"]
[White "Rajlich, Vasik"]
[Black "Toma, A."]
[Result "1-0"]
[WhiteElo "2120"]
[BlackElo "2170"]
[PlyCount "27"]
[EventDate "1994.??.??"]

{5/(5)} 1. e4 e5 2. Nf3 Nc6 3. d4 exd4 4. c3 dxc3 5. Bc4 Bc5 6. Bxf7+ Kxf7 7.
Qd5+ Ke8 8. Qh5+ g6 9. Qxc5 d6 10. Qxc3 Qf6 11. Be3 Bg4 12. Nd4 Ne5 13. f4 Nf7
14. Nb5 1-0

[Event "Detroit (MCO/Ch/6/3)"]
[Site "?"]
[Date "1994.??.??"]
[Round "?"]
[White "Rajlich, Vasik"]
[Black "Seawald, Dennis"]
[Result "1-0"]
[WhiteElo "2120"]
[BlackElo "2275"]
[PlyCount "58"]
[EventDate "1994.??.??"]

{6/(3)} 1. e4 c5 2. Nf3 Nc6 3. d4 cxd4 4. Nxd4 Nf6 5. Nc3 e5 6. Ndb5 d6 7. Bg5
a6 8. Na3 b5 9. Bxf6 gxf6 10. Nd5 Bg7 11. Bd3 Ne7 12. Ne3 f5 13. exf5 d5 14.
Qg4 Bf6 15. O-O-O h5 16. Qf3 Ra7 17. Nxd5 Nxd5 18. Be4 Qc7 19. Bxd5 Bd7 20. Rd3
Kf8 21. Rhd1 b4 22. Nc4 Bb5 23. b3 a5 24. Qe4 a4 25. Kb1 Rh6 26. Rg3 Bh8 27.
Ne3 Rha6 28. Qxb4+ Qe7 29. Qxb5 axb3 1-0

[Event "Eastpointe (EDO/5/5)"]
[Site "?"]
[Date "1994.??.??"]
[Round "?"]
[White "Rajlich, Vasik"]
[Black "Morabito, Matthew"]
[Result "1/2-1/2"]
[WhiteElo "2100"]
[BlackElo "1825"]
[PlyCount "139"]
[EventDate "1994.??.??"]

{5/(5)} 1. e4 e5 2. Nf3 d6 3. d4 exd4 4. c3 dxc3 5. Bc4 Be7 6. Qb3 Be6 7. Bxe6
fxe6 8. Qxb7 Nd7 9. Nxc3 Ngf6 10. Nb5 O-O 11. Nfd4 Nc5 12. Qxc7 Nd3+ 13. Ke2
Nxe4 14. f3 Nec5 15. Nc6 Qxc7 16. Nxc7 Bf6 17. Nxa8 Rxa8 18. Rb1 a5 19. b3 Ra6
20. b4 axb4 21. Nxb4 Nxb4 22. Rxb4 Rxa2+ 23. Bd2 Kf7 24. Rd1 Bc3 25. Rc4 Ba5
26. Ke3 Ra3+ 27. Kf4 Nd3+ 28. Kg3 Nb2 29. Rf4+ Ke7 30. Bc1 Nxd1 31. Bxa3 Be1+
32. Kg4 Nf2+ 33. Kh5 g6+ 34. Kh6 Bd2 35. g3 e5 36. Kxh7 exf4 37. Kxg6 Ke6 38.
gxf4 Bxf4 39. h4 Nh3 40. h5 Be5 41. h6 Nf4+ 42. Kg5 Kf7 43. Kf5 Ng6 44. Bc1
Ne7+ 45. Ke4 Ke6 46. Bd2 Ng6 47. h7 d5+ 48. Kd3 Kf5 49. Bc3 Bxc3 50. Kxc3 Ke5
51. f4+ Ke4 52. Kd2 Kxf4 53. Kd3 Ke5 54. Ke3 Nh8 55. Kf3 Kd4 56. Kf4 Kc3 57.
Kf5 d4 58. Kf6 d3 59. Kg7 d2 60. Kxh8 d1=Q 61. Kg7 Qg4+ 62. Kh8 Qc8+ 63. Kg7
Qd7+ 64. Kg8 Qe8+ 65. Kg7 Qe5+ 66. Kg8 Qe6+ 67. Kg7 Qg4+ 68. Kh8 Qh5 69. Kg8
Qg6+ 70. Kh8 1/2-1/2

[Event "Jackson (Prison m/Oct)"]
[Site "?"]
[Date "1994.??.??"]
[Round "?"]
[White "Rajlich, Vasik"]
[Black "Martin, H."]
[Result "1-0"]
[WhiteElo "2120"]
[BlackElo "1605"]
[PlyCount "45"]
[EventDate "1994.??.??"]

1. e4 c5 2. Nf3 Nc6 3. d4 d6 4. dxc5 Qa5+ 5. Nc3 dxc5 6. Bc4 Nf6 7. e5 Ne4 8.
Qd5 Nxc3 9. Qxf7+ Kd8 10. Bd2 b5 11. Bxc3 b4 12. Rd1+ Kc7 13. Bd2 Nd8 14. Qe8
Bd7 15. Qxd7+ Kxd7 16. Bxb4+ Ke8 17. Bxa5 e6 18. Bb5+ Kf7 19. Bxd8 c4 20. Ng5+
Kg6 21. Nxe6 Rc8 22. Be8+ Kf5 23. Nxf8 1-0

[Event "Eastpointe (EDO/2/7)"]
[Site "?"]
[Date "1994.??.??"]
[Round "?"]
[White "Rajlich, Vasik"]
[Black "Lubben, Don"]
[Result "1-0"]
[WhiteElo "2100"]
[BlackElo "1860"]
[PlyCount "47"]
[EventDate "1994.??.??"]

{2/(7)} 1. e4 e6 2. d4 d5 3. Nc3 Bb4 4. e5 c5 5. a3 Bxc3+ 6. bxc3 Qc7 7. Qg4 f5
8. Qg3 Nc6 9. Nf3 h6 10. Be2 g5 11. O-O Nge7 12. Qh3 Ng6 13. Rd1 Qf7 14. Ne1
Bd7 15. Rb1 Na5 16. c4 g4 17. Qc3 Nc6 18. Rxb7 cxd4 19. Qb2 O-O 20. cxd5 Ngxe5
21. dxc6 Nxc6 22. Bb5 Rfc8 23. Bxc6 Rxc6 24. Qxd4 1-0

[Event "Detroit (MI Op/4/28)"]
[Site "?"]
[Date "1994.??.??"]
[Round "?"]
[White "Rajlich, Vasik"]
[Black "Leighton, George"]
[Result "1-0"]
[WhiteElo "2100"]
[BlackElo "1895"]
[PlyCount "105"]
[EventDate "1994.??.??"]

{4/(28)} 1. e4 e6 2. d4 d5 3. Nc3 Nf6 4. Bg5 Be7 5. e5 Nfd7 6. Bxe7 Qxe7 7. f4
a6 8. Nf3 c5 9. Qd2 Nc6 10. O-O-O b5 11. g3 Bb7 12. Bh3 g6 13. g4 h5 14. gxh5
Rxh5 15. Bg4 Rh8 16. h4 Nxd4 17. Nxd4 cxd4 18. Qxd4 Rxh4 19. Rxh4 Qxh4 20. Bf3
Qe7 21. Rh1 O-O-O 22. Rh7 Rf8 23. b4 Kb8 24. Be2 Rc8 25. Bxb5 axb5 26. Nxb5 Rc6
27. Rh8+ Nf8 28. Qa7+ Kc8 29. Nd6+ Rxd6 30. exd6 Qxd6 31. Qc5+ Qxc5 32. bxc5
Kd7 33. Rxf8 Ke7 34. Rb8 Bc6 35. Kd2 f6 36. Rb4 e5 37. fxe5 fxe5 38. a4 Kd7 39.
a5 Kc7 40. Rg4 e4 41. Rxg6 Ba8 42. Ke3 Bc6 43. Kd4 Ba8 44. c4 dxc4 45. Kxc4 Bb7
46. Rg7+ Kb8 47. Rxb7+ Kxb7 48. Kd4 e3 49. Kxe3 Kb8 50. Kd4 Kb7 51. Kd5 Kc7 52.
a6 Kb8 53. Kd6 1-0

[Event "Ann Arbor (MLS Jul-Aug)"]
[Site "?"]
[Date "1994.??.??"]
[Round "?"]
[White "Rajlich, Vasik"]
[Black "Koernke, R."]
[Result "1-0"]
[WhiteElo "2130"]
[BlackElo "1605"]
[PlyCount "55"]
[EventDate "1994.??.??"]

1. e4 c6 2. d4 d5 3. Nc3 dxe4 4. Nxe4 Nd7 5. Ng5 Ngf6 6. Bd3 e6 7. Ne2 h6 8.
Nxe6 fxe6 9. Bg6+ Ke7 10. O-O Nb6 11. Re1 Nfd5 12. b3 Qd6 13. c4 Kd8 14. c5 Qc7
15. cxb6 axb6 16. Ng3 Bd6 17. Qh5 Rf8 18. Bxh6 gxh6 19. Qxh6 Nf4 20. Ne4 Nxg6
21. Qxg6 Bxh2+ 22. Kh1 Bf4 23. g3 Bd6 24. Ng5 Bxg3 25. fxg3 Rh8+ 26. Kg2 Qe7
27. Nf7+ Kc7 28. Nxh8 1-0

[Event "Eastpointe (MI Action/2/6)"]
[Site "?"]
[Date "1994.??.??"]
[Round "?"]
[White "Rajlich, Vasik"]
[Black "Herron, J."]
[Result "1-0"]
[WhiteElo "2125"]
[BlackElo "1790"]
[PlyCount "51"]
[EventDate "1994.??.??"]

{2/(6)} 1. e4 d6 2. d4 Nf6 3. Nc3 g6 4. Nf3 Bg7 5. Be2 O-O 6. O-O Nbd7 7. Bg5
h6 8. Be3 e5 9. dxe5 dxe5 10. Qc1 Kh7 11. Rd1 Qe7 12. h3 Nc5 13. Nd5 Nxd5 14.
Bxc5 Qxc5 15. Rxd5 Qb4 16. Nxe5 c6 17. Nd3 Qxe4 18. Bf3 Qe7 19. Ra5 Bf5 20.
Rxf5 gxf5 21. Qf4 Qg5 22. Qc7 Qd2 23. Qxb7 Qxc2 24. Qd7 Rad8 25. Qxf5+ Kh8 26.
Be4 1-0

[Event "Ann Arbor (MLS Jul-Aug)"]
[Site "?"]
[Date "1994.??.??"]
[Round "?"]
[White "Rajlich, Vasik"]
[Black "Gardner, Joe"]
[Result "0-1"]
[WhiteElo "2130"]
[BlackElo "2295"]
[PlyCount "117"]
[EventDate "1994.??.??"]

1. e4 g6 2. d4 Bg7 3. Nf3 d6 4. Be2 Nf6 5. Nc3 O-O 6. O-O Bg4 7. h3 Bxf3 8.
Bxf3 e5 9. dxe5 dxe5 10. Bg5 c6 11. Qxd8 Rxd8 12. Rfd1 Na6 13. Be3 b6 14. Kf1
Nc7 15. Be2 Ne6 16. Ba6 Nd4 17. Rd2 b5 18. f3 Rd7 19. a4 b4 20. Ne2 Rad8 21. c3
Nb3 22. Rxd7 Rxd7 23. Rb1 Bf8 24. Ke1 Bc5 25. Bh6 Ne8 26. Nc1 Nxc1 27. Rxc1 b3
28. Bc4 Nd6 29. Bxb3 Rb7 30. Ba2 Rxb2 31. Rb1 Rxb1+ 32. Bxb1 f5 33. Ba2+ Kh8
34. exf5 Nxf5 35. Bg5 Kg7 36. Be6 Be7 37. h4 Bxg5 38. hxg5 Ne3 39. g3 Nd5 40.
Kd2 Nc7 41. Bd7 c5 42. Kd3 Kf8 43. Kc4 Ke7 44. Bh3 Kd6 45. a5 Nd5 46. Bc8 Nc7
47. Bg4 Nd5 48. Bh3 Nc7 49. Bc8 Nd5 50. Bb7 Nc7 51. Be4 Ne6 52. Kb5 Nxg5 53.
Bb7 Kc7 54. Bd5 Kd6 55. c4 Ne6 56. Bxe6 Kxe6 57. Kxc5 h5 58. Kc6 g5 59. c5 $138
0-1

[Event "Eastpointe (MI Action/6/4)"]
[Site "?"]
[Date "1994.??.??"]
[Round "?"]
[White "Rajlich, Vasik"]
[Black "Bueno, A."]
[Result "1-0"]
[WhiteElo "2125"]
[BlackElo "2070"]
[PlyCount "61"]
[EventDate "1994.??.??"]

{6/(4)} 1. e4 c5 2. Nf3 Nc6 3. d4 cxd4 4. Nxd4 Nf6 5. Nc3 e6 6. Ndb5 d6 7. Bf4
e5 8. Bg5 a6 9. Na3 b5 10. Bxf6 gxf6 11. Nd5 f5 12. Bxb5 axb5 13. Nxb5 Qa5+ 14.
c3 Qa4 15. Nbc7+ Kd8 16. Nxa8 Qxa8 17. O-O fxe4 18. Qh5 Be6 19. Rfd1 Qb7 20. b4
Kc8 21. a4 Na7 22. c4 Nc6 23. a5 Bxd5 24. a6 Qa7 25. cxd5 Nd4 26. b5 Nxb5 27.
Rdc1+ Kd8 28. Rab1 Qxa6 29. Qe2 Bh6 30. Rxb5 Qa7 31. Rcb1 1-0

[Event "Detroit (MCO/Ch/2a/4)"]
[Site "?"]
[Date "1994.??.??"]
[Round "?"]
[White "Rajlich, Vasik"]
[Black "Berkovich, D."]
[Result "0-1"]
[WhiteElo "2120"]
[BlackElo "2485"]
[PlyCount "52"]
[EventDate "1994.??.??"]

1. e4 c5 2. Nf3 d6 3. d4 cxd4 4. Nxd4 Nf6 5. Nc3 a6 6. Bg5 e6 7. f4 Qc7 8. Qf3
Nc6 9. O-O-O Bd7 10. g3 Be7 11. Bh3 h6 12. Bxf6 Bxf6 13. Ndb5 axb5 14. Nxb5 Qb6
15. Nxd6+ Kf8 16. e5 Rxa2 17. b3 Qc5 18. Nc4 Nd4 19. Qe3 Rxc2+ 20. Kb1 Rxc4 21.
bxc4 Qb4+ 22. Ka2 Qxc4+ 23. Kb2 Qc2+ 24. Ka1 Nb3+ 25. Qxb3 Qxb3 26. exf6 gxf6
0-1

[Event "Flint (MI Ch Spon/1)"]
[Site "?"]
[Date "1994.??.??"]
[Round "?"]
[White "Rains, M."]
[Black "Turner, J."]
[Result "1-0"]
[WhiteElo "1605"]
[BlackElo "1605"]
[PlyCount "151"]
[EventDate "1994.??.??"]

1. d4 d5 2. Nf3 Nc6 3. e3 e6 4. Bd3 Bd6 5. Nbd2 a6 6. Qe2 Nge7 7. O-O O-O 8. e4
Nb4 9. e5 Nxd3 10. Qxd3 Bb4 11. c3 Ba5 12. b4 Bb6 13. Nb3 Bd7 14. a4 c6 15. a5
Ba7 16. Nc5 Bxc5 17. bxc5 Rb8 18. Bf4 Ng6 19. Bd2 Nh4 20. Nxh4 Qxh4 21. Qg3
Qxg3 22. fxg3 f6 23. Rae1 fxe5 24. Rxe5 Rxf1+ 25. Kxf1 Rf8+ 26. Bf4 Rf5 27. g4
Rxf4+ 28. Kg1 Rxg4 29. Kf2 Rg6 30. h4 Rf6+ 31. Kg3 Rf1 32. Re3 Ra1 33. Re2 Rxa5
34. Rc2 Ra3 35. Kf4 a5 36. c4 Ra4 37. cxd5 exd5 38. Ke5 Rc4 39. Rb2 b5 40. Kd6
Bg4 41. Kxc6 b4 42. Kxd5 Be6+ 43. Kxe6 Rxd4 44. Ra2 Rd1 45. Rxa5 b3 46. Rb5
Re1+ 47. Kd5 Rb1 48. Kc4 Rb2 49. c6 Rc2+ 50. Kd5 b2 51. Kd6 Rd2+ 52. Kc5 Rc2+
53. Kb6 h6 54. c7 Kh7 55. Kb7 b1=Q 56. Rxb1 Kg6 57. c8=Q Rxc8 58. Kxc8 Kh5 59.
g3 Kg4 60. Rb3 h5 61. Kd7 g5 62. hxg5 Kxg5 63. Rb4 h4 64. gxh4+ Kh5 65. Ke6 Kh6
66. Kf5 Kh5 67. Rg4 Kh6 68. Rg5 Kh7 69. h5 Kh6 70. Kg4 Kh7 71. Rg6 Kh8 72. Ra6
Kh7 73. Kg5 Kg7 74. Ra7+ Kh8 75. Kg6 Kg8 76. Ra8# 1-0

[Event "Flint (MI Ch Spon/4)"]
[Site "?"]
[Date "1994.??.??"]
[Round "?"]
[White "Rains, M."]
[Black "Golon, F."]
[Result "0-1"]
[WhiteElo "1605"]
[BlackElo "1605"]
[PlyCount "68"]
[EventDate "1994.??.??"]

1. d4 d5 2. Nf3 Nc6 3. e3 Nf6 4. c3 e6 5. Bd3 Ne4 6. Nbd2 Ng5 7. Qe2 Bd6 8. e4
Nxf3+ 9. Nxf3 dxe4 10. Bxe4 e5 11. Bxc6+ bxc6 12. dxe5 Be7 13. O-O Bg4 14. Qe4
Bd7 15. Nd4 O-O 16. Nxc6 Bxc6 17. Qxc6 Qd3 18. Qxc7 Bd8 19. Qc6 Qf5 20. f4 Bb6+
21. Kh1 Rac8 22. Qf3 Rc4 23. Be3 h6 24. Bxb6 axb6 25. Rad1 Re8 26. b3 Rc5 27.
Rd6 f6 28. exf6 gxf6 29. Rxb6 Rec8 30. c4 Qc2 31. Qh3 Qh7 32. Rxf6 Qg7 33. f5
Qxf6 34. Qc3 Qxc3 0-1

[Event "Detroit (Beg/4/2)"]
[Site "?"]
[Date "1994.??.??"]
[Round "?"]
[White "Rahimzadeh, R."]
[Black "Ware, C."]
[Result "0-1"]
[WhiteElo "1605"]
[BlackElo "1605"]
[PlyCount "38"]
[EventDate "1994.??.??"]

{4/(2)} 1. e4 e5 2. Nf3 Nc6 3. Bc4 Nf6 4. d3 h6 5. O-O Bc5 6. c3 d5 7. exd5
Nxd5 8. Bb5 Bd7 9. d4 Bd6 10. Re1 O-O 11. dxe5 Nxe5 12. Nxe5 Bxb5 13. Qg4 Nf6
14. Qg3 Re8 15. Bxh6 Nh5 16. Qf3 Bxe5 17. Qxh5 Qd6 18. Re2 Qd1+ 19. Re1 Qxe1#
0-1

[Event "Detroit (WCO/5/7)"]
[Site "?"]
[Date "1994.??.??"]
[Round "?"]
[White "Rahimzadeh, R."]
[Black "Jointer, William"]
[Result "0-1"]
[WhiteElo "1605"]
[BlackElo "1700"]
[PlyCount "44"]
[EventDate "1994.??.??"]

{5/(7)} 1. Nf3 d5 2. g3 Nc6 3. Bg2 e5 4. d4 e4 5. Ng5 h6 6. Nxe4 dxe4 7. Bxe4
Bh3 8. d5 Ne5 9. Nc3 Nf6 10. Qd4 Bd6 11. Nb5 O-O 12. Bf4 a6 13. Bxe5 Bxe5 14.
Qxe5 Nxe4 15. Qxe4 axb5 16. O-O-O Rxa2 17. d6 cxd6 18. Qxb7 Qf6 19. Qxb5 Qxf2
20. Qh5 Ra1+ 21. Kd2 Qd4+ 22. Ke1 Rxd1# 0-1

[Event "Detroit (Beg/2/7)"]
[Site "?"]
[Date "1994.??.??"]
[Round "?"]
[White "Rahimzadeh, R."]
[Black "Brem, E."]
[Result "1-0"]
[WhiteElo "1605"]
[BlackElo "1605"]
[PlyCount "35"]
[EventDate "1994.??.??"]

{2/(7)} 1. e4 e5 2. d4 Nf6 3. Nf3 Bd6 4. dxe5 Bb4+ 5. Bd2 Bxd2+ 6. Qxd2 Nxe4 7.
Qe3 d5 8. Nbd2 Nxd2 9. Qxd2 O-O 10. Qd3 c5 11. O-O-O c4 12. Qe3 b5 13. h4 b4
14. Bxc4 Qc7 15. Bxd5 Nc6 16. Ng5 Nxe5 17. Qe4 Rb8 18. Qxh7# 1-0

[Event "Detroit (WCO/3/5)"]
[Site "?"]
[Date "1994.??.??"]
[Round "?"]
[White "Rahimzadeh, R."]
[Black "Boyle, John"]
[Result "1-0"]
[WhiteElo "1605"]
[BlackElo "1605"]
[PlyCount "45"]
[EventDate "1994.??.??"]

{3/(5)} 1. Nf3 c5 2. g3 Nf6 3. Bg2 g6 4. O-O Bg7 5. d4 cxd4 6. Nxd4 O-O 7. Nc3
a6 8. Nf3 Nc6 9. Ng5 d6 10. e4 h6 11. Nf3 Qc7 12. Nd5 Nxd5 13. exd5 Ne5 14.
Nxe5 Bxe5 15. Bxh6 Re8 16. Re1 Bxb2 17. Rb1 Bf6 18. Rc1 Bf5 19. c4 Bb2 20. Qb3
Bxc1 21. Rxc1 Rac8 22. Qc3 b5 23. Qg7# 1-0

[Event "Detroit (Beg/1/7)"]
[Site "?"]
[Date "1994.??.??"]
[Round "?"]
[White "Rahimzadeh, G."]
[Black "Townsend, D."]
[Result "1-0"]
[WhiteElo "1605"]
[BlackElo "1605"]
[PlyCount "33"]
[EventDate "1994.??.??"]

{1/(7)} 1. e4 e5 2. Nf3 Nc6 3. Bc4 Nf6 4. Ng5 d5 5. exd5 Nxd5 6. Qf3 Qxg5 7.
Bxd5 Bf5 8. Bxc6+ Ke7 9. Bxb7 Rd8 10. O-O Kf6 11. d4 Qg6 12. dxe5+ Ke6 13. Qc6+
Bd6 14. Nc3 Bxc2 15. Re1 h5 16. exd6+ Kf5 17. Qf3# 1-0